000 00577nam a2200217Ia 4500
003 OSt
005 20220918192032.0
006 a|||||r|||| 00| 0
007 ta
008 220917b |||||||| |||| 00| 0 eng d
024 _a66,643
037 _cTextual
040 _aARTS
_cARTS
_beng
041 _2eng
_aeng
082 _aR3xK32:9, J1
100 _aSaw Ruth Lydia
_978132
245 0 _aVindication of metaphysics
_b a study in the philosophy of Spinoza
260 _c1951
942 _hR3xK32:9, J1
_cTEXL
_2CC
999 _c192876
_d192876